[Event "ROM-ch U08 Girls"]
[Site "Calimanesti Caciulata"]
[Date "2019.04.22"]
[Round "9.2"]
[White "Botez, Alexia Maria"]
[Black "Leca Andrei, Anastasia"]
[Result "0-1"]
[WhiteElo "1030"]
[BlackElo "1001"]
[PlyCount "50"]
[EventDate "2019.04.15"]
[EventType "swiss"]
[EventRounds "9"]
[EventCountry "ROU"]
[SourceTitle "EXT 2024"]
[Source "ChessBase"]
[SourceDate "2023.10.10"]
[SourceVersion "1"]
[SourceVersionDate "2023.10.10"]
[SourceQuality "1"]

1. e4 c5 2. Nf3 e6 3. d4 cxd4 4. Nxd4 Nf6 5. f3 a6 6. Nc3 d6 7. Be3 Be7 8. Qd2 0-0 9. 0-0-0 Nbd7 10. g4 b5 11. h4 Bb7 12. h5 Rc8 13. g5 Ne8 14. g6 h6 15. Bxh6 gxh6 16. Qxh6 Nef6 17. e5 Nxe5 18. f4 Neg4 19. Rh4 Nxh6 20. gxf7+ Rxf7 21. Nxe6 Qb6 22. Rh3 Nfg4 23. Rg3 b4 24. Bh3 bxc3 25. Bxg4 Qxb2# 0-1

[Event "ROM-ch U08 Girls"]
[Site "Calimanesti Caciulata"]
[Date "2019.04.21"]
[Round "8.2"]
[White "Leca Andrei, Anastasia"]
[Black "Gheorghiu, Theodora Maria"]
[Result "1-0"]
[WhiteElo "1001"]
[BlackElo "1001"]
[PlyCount "81"]
[EventDate "2019.04.15"]
[EventType "swiss"]
[EventRounds "9"]
[EventCountry "ROU"]
[SourceTitle "EXT 2024"]
[Source "ChessBase"]
[SourceDate "2023.10.10"]
[SourceVersion "1"]
[SourceVersionDate "2023.10.10"]
[SourceQuality "1"]

1. d4 e6 2. e3 d5 3. Nf3 c5 4. c3 Nf6 5. Bd3 Bd6 6. 0-0 Nc6 7. Nbd2 0-0 8. Qe2 cxd4 9. exd4 Qb6 10. Nb3 Bd7 11. Qc2 Na5 12. Nxa5 Qxa5 13. Bg5 Be7 14. Bxf6 Bxf6 15. Bxh7+ Kh8 16. Bd3 Kg8 17. Rfe1 Bb5 18. c4 Bxc4 19. Bxc4 dxc4 20. Qxc4 Rfc8 21. Qd3 Rc7 22. Re4 Rac8 23. Ree1 Be7 24. a3 Rc2 25. Re2 Rc1+ 26. Re1 R1c2 27. b4 Qa4 28. Nd2 R2c3 29. Qf1 Rxa3 30. Rxa3 Qxa3 31. h3 Bxb4 32. Rd1 Qa2 33. Nf3 Qc4 34. Qxc4 Rxc4 35. d5 Re4 36. d6 Ba5 37. d7 b5 38. d8Q+ Bxd8 39. Rxd8+ Kh7 40. Ng5+ Kg6 41. Nxe4 1-0

[Event "ROM-ch U08 Girls"]
[Site "Calimanesti Caciulata"]
[Date "2019.04.20"]
[Round "7.2"]
[White "Leca Andrei, Anastasia"]
[Black "Gavriliuc, Victoria"]
[Result "1-0"]
[WhiteElo "1001"]
[BlackElo "1001"]
[PlyCount "99"]
[EventDate "2019.04.15"]
[EventType "swiss"]
[EventRounds "9"]
[EventCountry "ROU"]
[SourceTitle "EXT 2024"]
[Source "ChessBase"]
[SourceDate "2023.10.10"]
[SourceVersion "1"]
[SourceVersionDate "2023.10.10"]
[SourceQuality "1"]

1. d4 c5 2. dxc5 e6 3. Nf3 Bxc5 4. g3 Nf6 5. Bg2 0-0 6. 0-0 d5 7. Nbd2 Re8 8. b3 b6 9. c4 d4 10. Ne1 Nd5 11. cxd5 exd5 12. e4 Bb7 13. Qe2 Ba6 14. Qd1 Bxf1 15. Kxf1 Nd7 16. exd5 Nf6 17. Qf3 Qe7 18. Bb2 Rad8 19. Nc2 Nxd5 20. Re1 Qf6 21. Rxe8+ Rxe8 22. Qxd5 Re5 23. Qa8+ Bf8 24. Ba3 Rc5 25. Bxc5 bxc5 26. Ne4 Qf5 27. Qxa7 d3 28. Ne3 Qe5 29. Kg1 Qa1+ 30. Bf1 h6 31. Kg2 Qd4 32. Bxd3 Qxd3 33. Nxc5 Bxc5 34. Qxc5 Qe4+ 35. f3 Qd3 36. b4 Qd2+ 37. Kh3 Qxa2 38. b5 Qe6+ 39. g4 Qb3 40. b6 f6 41. Qd5+ Qxd5 42. Nxd5 Kf8 43. b7 Ke8 44. b8Q+ Kd7 45. Qb7+ Ke6 46. Qc6+ Ke5 47. f4+ Ke4 48. Nxf6+ Kxf4 49. Qe4+ Kg5 50. Qf5# 1-0

[Event "ROM-ch U08 Girls"]
[Site "Calimanesti Caciulata"]
[Date "2019.04.19"]
[Round "6.1"]
[White "Badica, Ariana"]
[Black "Leca Andrei, Anastasia"]
[Result "1-0"]
[WhiteElo "1048"]
[BlackElo "1001"]
[PlyCount "73"]
[EventDate "2019.04.15"]
[EventType "swiss"]
[EventRounds "9"]
[EventCountry "ROU"]
[SourceTitle "EXT 2024"]
[Source "ChessBase"]
[SourceDate "2023.10.10"]
[SourceVersion "1"]
[SourceVersionDate "2023.10.10"]
[SourceQuality "1"]

1. e4 d6 2. d4 Nf6 3. Nc3 g6 4. Be3 Bg7 5. f3 0-0 6. Qd2 Re8 7. 0-0-0 Nbd7 8. g4 e5 9. d5 c6 10. h4 h5 11. gxh5 Nxh5 12. Bc4 b5 13. Bb3 Qc7 14. Nh3 a5 15. dxc6 Qxc6 16. Bd5 Qc7 17. Bxa8 Bb7 18. Bxb7 Qxb7 19. Qxd6 b4 20. Qxd7 Qxd7 21. Rxd7 bxc3 22. bxc3 Rb8 23. Rhd1 Bf6 24. Bg5 Bxg5+ 25. Nxg5 Rf8 26. Rd8 Rxd8 27. Rxd8+ Kg7 28. Rd7 Nf4 29. Rxf7+ Kg8 30. c4 Ng2 31. c5 Nf4 32. c6 Ne6 33. Re7 Ng7 34. c7 Kf8 35. Rf7+ Kg8 36. c8R+ Ne8 37. Rxe8# 1-0